Numerical analysis and graphic visualization with MATLAB / (Record no. 181260)

000 -LEADER
fixed length control field 01076 a2200205 4500
003 - CONTROL NUMBER IDENTIFIER
control field Nust
005 - DATE AND TIME OF LATEST TRANSACTION
control field 20221124114032.0
010 ## - LIBRARY OF CONGRESS CONTROL NUMBER
LC control number 95032597
020 ## - INTERNATIONAL STANDARD BOOK NUMBER
International Standard Book Number 0130515183
040 ## - CATALOGING SOURCE
Transcribing agency Nust
082 00 - DEWEY DECIMAL CLASSIFICATION NUMBER
Classification number 519.40285,NAK
100 1# - MAIN ENTRY--PERSONAL NAME
Personal name Nakamura, Shoichiro,
9 (RLIN) 103474
245 10 - TITLE STATEMENT
Title Numerical analysis and graphic visualization with MATLAB /
Statement of responsibility, etc. Shoichiro Nakamura.
250 ## - EDITION STATEMENT
Edition statement 2nd ed
260 ## - PUBLICATION, DISTRIBUTION, ETC.
Place of publication, distribution, etc. Upper Saddle River, N.J. :
Name of publisher, distributor, etc. Prentice Hall PTR,
Date of publication, distribution, etc. c1996.
300 ## - PHYSICAL DESCRIPTION
Extent xi, 477 p. :
Other physical details ill. (some col.) ;
Dimensions 25 cm.
505 ## - FORMATTED CONTENTS NOTE
Formatted contents note MATLAB Primer (Page-1), Graphics with MATLAB (Page-50), Linear Algebra (Page-110), Polynomials and Interpolation (Page-161), Numerical Integration (Page-205), Numerical Differentiation (Page-250), Roots of Nonlinear Equations (Page-279), Curve Fitting to Measured Data (Page-309), Spline Functions ad Nonlinear Interpolation (Page-324), Initial Value Problems of Ordinary Differential Equations (Page-351), Boundary Value Problems of Ordinary Differential Equations (Page-414).
650 #0 - SUBJECT ADDED ENTRY--TOPICAL TERM
Topical term or geographic name entry element Computer graphics.
9 (RLIN) 1225
942 ## - ADDED ENTRY ELEMENTS (KOHA)
Source of classification or shelving scheme
Koha item type Book
Call number prefix 519.40285,NAK
Holdings
Withdrawn status Lost status Source of classification or shelving scheme Damaged status Not for loan Permanent Location Current Location Shelving location Date acquired Full call number Barcode Date last seen Price effective from Koha item type Public note
          Military College of Signals (MCS) Military College of Signals (MCS) General Stacks 12/12/2016 519.40285,NAK MCS30498 12/08/2016 12/12/2016 Book Almirah No. 14 Shelf No. 4
© 2023 Central Library, National University of Sciences and Technology. All Rights Reserved.